| 000 | 01041cam a2200301Li 4500 | ||
|---|---|---|---|
| 001 | 98169 | ||
| 005 | 20230410130732.0 | ||
| 008 | 100610s2010 fr a g 000 0 fre d | ||
| 035 | _a(OCoLC)ocn690733667 | ||
| 040 |
_aZWZ _encafnor _bfre _cZWZ |
||
| 020 | _a9782732440835 | ||
| 020 | _a2732440833 | ||
| 035 | _a(OCoLC)690733667 | ||
| 050 | 1 | 4 |
_aPN 5189 _bL695 2010 |
| 082 | 0 | 0 | _a074 |
| 049 | _aGRAL | ||
| 245 | 0 | 0 |
_aLibération : les unes / _c[avant-propos Laurent Joffrin] ; [textes d'introduction : Serge July, Pierre Nora, Michel Winock et al.]. |
| 260 |
_aParis : _bLa Martiniére, _cimpr. 2010. |
||
| 300 |
_a351 p. : _bill. en noir et en coul. ; _c45 cm. |
||
| 630 | 0 | 0 | _aLibération (Paris, France : 1973) |
| 650 | 0 |
_aPress _zFrance _xHistory. |
|
| 650 | 0 |
_aFrench newspapers _xHistory. |
|
| 630 | 0 | 7 |
_aLibération (périodique ; France ; 1973-....) _xAnthologies. _2ram |
| 650 | 7 |
_aPhotographie de presse _y1970-2000. _2ram |
|
| 700 | 1 |
_aJoffrin, Laurent _d(1952-....). _ePréface. |
|
| 942 |
_2lcc _cbk |
||
| 994 |
_aC0 _bDRFGD |
||
| 999 |
_c79488 _d79488 |
||